It looks like you're offline.
Open Library logo
additional options menu

MARC record from Internet Archive

LEADER: 02094cam^^2200601Ia^4500
001 UCD-002221183
005 20050703072308.0
006 m d
007 cr unu
008 890926c18631862nyu 001 0 eng
010 $z06044096
035 9 $a(SBN)AAG3405
035 $a21007689eo
040 $aDLC$cNAM$dOCL$dPIT$dCUS
100 1 $aBurton, John Hill,$d1809-1881.
245 14 $aThe book-hunter, etc.$h[electronic resource] /$cby John Hill Burton ; with additional notes by Richard Grant White
260 $aNew York :$bSheldon and Co.,$c1863, c1862
300 $axii, 411 p. ;$c20 cm
504 $aIncludes bibliographical references and index
533 $aElectronic reproduction.$nMode of access: World Wide Web.$nRestricted to UC campuses
530 $aAlso available in print
655 7 $aOnline resources.$2local
655 7 $aElectronic texts.$2local
650 0 $aBook collecting.
650 0 $aBibliomania.
793 0 $aMoA online monographs
700 1 $aWhite, Richard Grant,$d1821-1885.
710 2 $aMaking of America Project.
776 1 $cOriginal$w(OCoLC)21007689
852 $aSCB$bnrlf$jZ992.B972
852 $aLAGE$bsr$pA0008717019
852 $aGLAD$bNRLF$hZ992$i.B9$pB 3 119 261
852 $aSBXL$bMAIN$hZ992$i.B8 1863$nus
852 $aRVB$bn$jElectronic book
852 $aMER$bkmain$hZ992$i.B972
856 40 $3Connect to full-text.$uhttp://uclibs.org/PID/26884
856 40 $uhttp://uclibs.org/PID/26884
852 $aIRB$bnet$jZ992
852 $aSBXL$bCDLM$hZ992$i.B972eb
856 40 $uhttp://uclibs.org/PID/26884
856 40 $uhttp://uclibs.org/PID/26884
852 $aDVXL$bELECT-GEN$hInternet
852 $aSDB$bnnet
852 $aGLAD$bWEB$jNo call number
856 40 $uhttp://uclibs.org/PID/26884
856 40 $xSCP UCSD$uhttp://uclibs.org/PID/26884
856 41 $uhttp://uclibs.org/PID/26884
852 $aSCB$bnnet
856 40 $uhttp://uclibs.org/PID/26884
852 $aLAGE$bin$hZ992$3Online access
856 40 $uhttp://uclibs.org/PID/26884$xCDL
090 $aZ992
901 $aDVXL$b002221183